[Event "Chessable Masters Div 3 W"]
[Site "chess.com INT"]
[Date "2023.04.03"]
[Round "1.1"]
[White "Bluebaum, Matthias"]
[Black "Nguyen, Ngoc Truong Son"]
[Result "0-1"]
[WhiteTitle "GM"]
[BlackTitle "GM"]
[WhiteElo "2660"]
[BlackElo "2645"]
[WhiteFideId "24651516"]
[BlackFideId "12401110"]
[EventDate "2023.04.03"]
[EventType "k.o."]

1. d4 d5 2. c4 c6 3. e3 Nf6 4. Qc2 g6 5. Nf3 Bf5 6. Qb3 Qb6 7. Nc3 e6 8. Bd2
Nbd7 9. Be2 Be7 10. O-O O-O 11. Rfc1 Rfe8 12. h3 h6 13. g4 Be4 14. Ne5 Qc7 15.
Nxd7 Qxd7 16. f3 dxc4 17. Qxc4 Bd5 18. Qd3 c5 19. dxc5 Red8 20. Nxd5 Nxd5 21.
Be1 Qc7 22. Qa3 b6 23. Bf2 Bxc5 24. b4 Bxb4 25. Qb3 Bc5 26. Bf1 Qe7 27. Bg2 Rd7
28. Re1 Rad8 29. Rad1 Nb4 30. Rxd7 Rxd7 31. Bf1 Rd2 32. Re2 Rd3 33. Qc4 Qd6 34.
Qe4 Qd5 35. Qf4 Bd6 36. Qf6 Rd1 37. Re1 Rxe1 38. Bxe1 Be5 39. Qe7 Nc2 40. Bf2
Qxf3 41. Qd8+ Kg7 42. Qd2 Qc6 43. Bg2 Qc3 44. Qc1 Nb4 45. Qxc3 Bxc3 46. a4 Nd3
47. Bg3 Bd2 48. Bb8 Bxe3+ 49. Kf1 Nc5 50. Bc6 a5 51. Be5+ f6 52. Bc7 Nb3 53. Bb5
Bc5 54. Bc4 Nd2+ 55. Ke2 Nxc4 56. Kd3 Nd6 57. Bb8 Kf7 58. Ke2 Ke7 59. Kd3 Kd7
60. Ke2 Kc8 61. g5 hxg5 62. Kf3 Kxb8 63. Kg4 b5 64. axb5 a4 65. h4 gxh4 66. b6
a3 67. b7 a2 68. Kh3 a1=Q 69. Kg2 Qg1+ 70. Kf3 Qf2+ 71. Kg4 Qg3# 0-1

[Event "Chessable Masters Div 3 W"]
[Site "chess.com INT"]
[Date "2023.04.03"]
[Round "1.2"]
[White "Nguyen, Ngoc Truong Son"]
[Black "Bluebaum, Matthias"]
[Result "1/2-1/2"]
[WhiteTitle "GM"]
[BlackTitle "GM"]
[WhiteElo "2645"]
[BlackElo "2660"]
[WhiteFideId "12401110"]
[BlackFideId "24651516"]
[EventDate "2023.04.03"]
[EventType "k.o."]

1. d4 e6 2. e4 d5 3. exd5 exd5 4. Bd3 Nc6 5. c3 Bd6 6. Ne2 Nge7 7. Bf4 Bg4 8.
Qd2 Bxe2 9. Bxe2 Ng6 10. Bxd6 Qxd6 11. Na3 a6 12. Nc2 Nce7 13. g3 Nf5 14. Bd3
Nge7 15. O-O-O O-O 16. h4 Nh6 17. Rde1 f5 18. Re2 Rf6 19. Rhe1 Ng6 20. h5 Nf8
21. Re5 c6 22. Ne3 Qd7 23. Ng2 Rf7 24. Qg5 Ng4 25. Rxf5 Nxf2 26. Bc2 Ne4 27.
Rxf7 Qxf7 28. Bxe4 dxe4 29. h6 Ng6 30. Nf4 gxh6 31. Qxh6 Qxa2 32. Rxe4 Rf8 33.
Re6 Nxf4 34. gxf4 Qa1+ 35. Kc2 Qg1 36. Re5 Qg6+ 37. Qxg6+ hxg6 38. Re4 Kf7 39.
Kd3 Kf6 40. b4 Rh8 41. Re3 Kf5 42. Rg3 Kf6 43. Ke4 Re8+ 44. Kd3 Re1 45. Rg5 b6
46. Re5 Rf1 47. Ke3 Rh1 48. Kd3 Rh3+ 49. Kd2 Rf3 50. d5 cxd5 51. Rxd5 Rxf4 52.
Rd6+ Kf5 53. Rxb6 g5 54. Rxa6 g4 55. Ra8 Ke4 56. Ke2 g3 57. Re8+ Kd5 58. Rg8
Rf2+ 59. Ke3 Rc2 60. Rxg3 Rxc3+ 61. Kf4 Rc4+ 62. Kf3 Rxb4 63. Rg4 Rb3+ 64. Ke2
Ke5 65. Rh4 Ra3 66. Rg4 Kf5 67. Rb4 Rh3 68. Kd2 Ke5 69. Ke2 Kd5 70. Rg4 Ra3 71.
Rh4 Ke5 72. Kd2 Rg3 73. Ke2 Kf5 74. Kd2 Ra3 75. Ke2 Rb3 76. Kd2 Kg5 77. Rc4 Rg3
78. Kc2 Kf5 79. Kb2 Ke5 80. Ra4 Kd5 81. Kc2 Kc5 82. Rh4 Rf3 83. Kd2 Rb3 84. Ke2
Ra3 85. Kd2 Rb3 86. Kc2 Re3 87. Kd2 Re5 88. Kc2 Rg5 89. Kd3 Kd5 90. Rd4+ Ke5 91.
Re4+ Kf5 92. Ra4 Rg3+ 93. Ke2 Rb3 94. Kd2 Rf3 95. Kc2 Rf4 96. Rxf4+ Kxf4 1/2-1/2

[Event "Chessable Masters Div 3 W"]
[Site "chess.com INT"]
[Date "2023.04.03"]
[Round "1.1"]
[White "Alonso Rosell, Alvar"]
[Black "Sychev, Klementy"]
[Result "0-1"]
[WhiteTitle "GM"]
[BlackTitle "GM"]
[WhiteElo "2566"]
[BlackElo "2547"]
[WhiteFideId "2270544"]
[BlackFideId "4114060"]
[EventDate "2023.04.03"]
[EventType "k.o."]

1. d4 Nf6 2. c4 e6 3. Nc3 Bb4 4. f3 Ba5 5. e4 d5 6. cxd5 exd5 7. e5 Nfd7 8. f4
c5 9. Nf3 Nc6 10. Be3 cxd4 11. Nxd4 O-O 12. Bb5 Qh4+ 13. g3 Qh3 14. Qc2 Nb4 15.
Qa4 b6 16. a3 Nc5 17. Qxb4 Bxb4 18. axb4 Bg4 19. Bf1 Qh5 20. h3 Ne4 21. Bg2 Bd7
22. Nxd5 Nxg3 23. Rg1 Kh8 24. Bf3 Qxh3 25. O-O-O Bf5 26. Nxf5 Rac8+ 27. Kb1
Qxf5+ 28. Ka1 Qc2 29. Rd2 Qa4+ 30. Kb1 Nf5 31. Rh2 h6 32. Bc1 Qb3 33. Be4 Nd4
34. f5 Nxf5 35. Bf4 Qc4 36. Bxf5 Rc6 37. Rc1 Qxd5 38. Rch1 Qf3 39. Rh4 Rd8 40.
e6 Rxe6 41. Bxe6 fxe6 42. Bxh6 gxh6 43. Rxh6+ Kg7 44. Rh7+ Kf6 45. R7h6+ Kg5 0-1

[Event "Chessable Masters Div 3 W"]
[Site "chess.com INT"]
[Date "2023.04.03"]
[Round "1.2"]
[White "Sychev, Klementy"]
[Black "Alonso Rosell, Alvar"]
[Result "0-1"]
[WhiteTitle "GM"]
[BlackTitle "GM"]
[WhiteElo "2547"]
[BlackElo "2566"]
[WhiteFideId "4114060"]
[BlackFideId "2270544"]
[EventDate "2023.04.03"]
[EventType "k.o."]

1. e4 c6 2. d4 d5 3. exd5 cxd5 4. Bd3 Nf6 5. h3 g6 6. c3 Bg7 7. Qc2 Nc6 8. Nf3
O-O 9. O-O Nd7 10. Re1 e5 11. dxe5 Ndxe5 12. Nxe5 Nxe5 13. Bf4 Nxd3 14. Qxd3 d4
15. cxd4 Bf5 16. Qf3 Qb6 17. Nc3 Qxb2 18. Nd5 Rae8 19. Bd6 Be4 20. Nf6+ Bxf6 21.
Qxf6 Re6 22. Qf4 Rfe8 23. Rad1 Bd5 24. Rxe6 Rxe6 25. Bc5 Qe2 26. Rc1 Kg7 27. Bd6
Bc6 28. d5 Re4 29. Be5+ Rxe5 30. dxc6 bxc6 31. Rxc6 Qd1+ 32. Kh2 Rf5 33. Qe3 Qd5
34. Qc3+ f6 35. Rc7+ Kh6 36. Qe3+ g5 37. Qe7 Qg8 38. f3 a5 39. Rd7 Kg6 40. Rd8
Qxa2 41. Qe4 Qf7 42. Ra8 Qc7+ 43. Kh1 Qc1+ 44. Kh2 Qf4+ 45. Qxf4 gxf4 46. Ra7 h5
47. g3 Rb5 48. h4 Rb2+ 49. Kh3 Rf2 50. gxf4 Rxf3+ 51. Kg2 Ra3 52. Ra8 Kf5 53.
Ra6 Ra1 54. Kf3 Ra3+ 55. Kg2 a4 56. Kf2 Kxf4 57. Rxf6+ Kg4 58. Rg6+ Kxh4 59. Kg2
Rb3 60. Ra6 a3 61. Ra4+ Kg5 62. Kh2 h4 63. Kg2 h3+ 64. Kh2 Kf5 65. Rh4 Ke5 66.
Ra4 Kd5 67. Rg4 Kc5 68. Ra4 Kb5 69. Ra8 Kb4 0-1

[Event "Chessable Masters Div 3 W"]
[Site "chess.com INT"]
[Date "2023.04.03"]
[Round "1.3"]
[White "Alonso Rosell, Alvar"]
[Black "Sychev, Klementy"]
[Result "1-0"]
[WhiteTitle "GM"]
[BlackTitle "GM"]
[WhiteElo "2566"]
[BlackElo "2547"]
[WhiteFideId "2270544"]
[BlackFideId "4114060"]
[EventDate "2023.04.03"]
[EventType "k.o."]

1. a3 d5 2. d4 Nf6 3. Nf3 e6 4. e3 c5 5. b3 Nc6 6. Bd3 cxd4 7. exd4 g6 8. Nbd2
Bg7 9. O-O O-O 10. Bb2 b6 11. Qe2 Nd7 12. h4 Bb7 13. h5 Re8 14. hxg6 hxg6 15.
Ne5 Rc8 16. f4 Nf6 17. Rad1 Ne7 18. g4 Qc7 19. Rf2 Ne4 20. Nxe4 dxe4 21. Bxe4
Bxe4 22. Qxe4 b5 23. Rh2 Red8 24. Rd3 Qd6 25. Rdh3 Qd5 26. Qe1 Nc6 27. c4 bxc4
28. bxc4 Qd6 29. Qh4 Kf8 30. Qg5 Ne7 31. Rh7 Ng8 32. d5 Qc5+ 33. Kh1 Rxd5 34.
cxd5 Qxd5+ 35. Rg2 f6 36. Nxg6+ Kf7 37. Qxd5 exd5 38. Nh4 Rc6 39. Nf5 1-0

[Event "Chessable Masters Div 3 W"]
[Site "chess.com INT"]
[Date "2023.04.03"]
[Round "1.1"]
[White "Iturrizaga Bonelli, Eduardo"]
[Black "Pichot, Alan"]
[Result "1/2-1/2"]
[WhiteTitle "GM"]
[BlackTitle "GM"]
[WhiteElo "2637"]
[BlackElo "2638"]
[WhiteFideId "3901211"]
[BlackFideId "110973"]
[EventDate "2023.04.03"]
[EventType "k.o."]

1. Nf3 d5 2. e3 Nf6 3. c4 e6 4. Nc3 Bd6 5. b3 c5 6. Bb2 Nc6 7. cxd5 exd5 8. d4
O-O 9. Be2 cxd4 10. Nxd4 Nxd4 11. Qxd4 Re8 12. Rd1 Be5 13. Qd2 Be6 14. O-O Rc8
15. Bf3 Bxc3 16. Bxc3 Ne4 17. Bxe4 dxe4 18. Qxd8 Rexd8 19. Rxd8+ Rxd8 20. Bd4 a6
21. Rc1 Rc8 1/2-1/2

[Event "Chessable Masters Div 3 W"]
[Site "chess.com INT"]
[Date "2023.04.03"]
[Round "1.2"]
[White "Pichot, Alan"]
[Black "Iturrizaga Bonelli, Eduardo"]
[Result "0-1"]
[WhiteTitle "GM"]
[BlackTitle "GM"]
[WhiteElo "2638"]
[BlackElo "2637"]
[WhiteFideId "110973"]
[BlackFideId "3901211"]
[EventDate "2023.04.03"]
[EventType "k.o."]

1. e4 c6 2. d4 d5 3. e5 Bf5 4. h4 h5 5. Bd3 Bxd3 6. Qxd3 Qa5+ 7. b4 Qxb4+ 8. Nd2
e6 9. Rb1 Qe7 10. c4 Qd7 11. Ngf3 Nh6 12. O-O Nf5 13. Ba3 Be7 14. Rfc1 O-O 15.
Qb3 Bxa3 16. Qxa3 Na6 17. Rb2 Rac8 18. Rcb1 Rc7 19. c5 Nb8 20. Rb3 Re8 21. Qb2
Re7 22. a4 Qd8 23. g3 Rcd7 24. Qc3 g6 25. Nf1 Kg7 26. Ne3 Nh6 27. Ng5 Rc7 28.
Qd2 Qc8 29. Qb2 b6 30. cxb6 axb6 31. Rxb6 Nd7 32. Rb7 c5 33. dxc5 Nxc5 34. Rb8
Qa6 35. Qb5 Qxa4 36. Qxa4 Nxa4 37. Ra8 Nc5 38. Rbb8 Ra7 39. Kg2 Rxa8 40. Rxa8
Nd3 41. Nf3 Ng4 42. Nxg4 hxg4 43. Nd4 Nxe5 44. Ra2 Rb7 45. Re2 Kf6 46. Ra2 Nc4
47. Ra8 Rb2 48. Ra7 Nd6 49. Kg1 Ne4 50. f3 Nxg3 51. fxg4 Ne2+ 52. Nxe2 Rxe2 53.
g5+ Kg7 54. Ra3 Re4 55. Rh3 f6 56. Kf2 fxg5 57. hxg5 Rg4 58. Re3 Kf7 59. Re5
Rf4+ 60. Kg3 Rf5 0-1

[Event "Chessable Masters Div 3 W"]
[Site "chess.com INT"]
[Date "2023.04.03"]
[Round "1.1"]
[White "Michalik, Peter"]
[Black "Vallejo Pons, Francisco"]
[Result "0-1"]
[WhiteTitle "GM"]
[BlackTitle "GM"]
[WhiteElo "2576"]
[BlackElo "2712"]
[WhiteFideId "14907526"]
[BlackFideId "2205530"]
[EventDate "2023.04.03"]
[EventType "k.o."]

1. d4 e6 2. c4 b6 3. a3 Nf6 4. Nc3 Bb7 5. d5 Na6 6. g3 Nc5 7. Bg2 a5 8. Nf3 g6
9. O-O Bg7 10. Nd4 O-O 11. Rb1 a4 12. Ndb5 exd5 13. cxd5 Re8 14. d6 cxd6 15.
Bxb7 Nxb7 16. Nxa4 Ne4 17. Be3 Nxg3 18. hxg3 Rxe3 19. fxe3 Qg5 20. Rf3 Qxb5 21.
Nc3 Bxc3 22. bxc3 Qc6 23. Qb3 d5 24. e4 Nd6 25. exd5 Qc5+ 26. Kg2 Nc4 27. Rd3
Rxa3 28. Qb4 d6 29. Qb5 Ra2 30. Qe8+ Kg7 31. Rf1 Ne5 32. Rf2 Qc4 33. Rd4 Qxc3
34. Rdf4 Ra7 35. Qd8 Qc7 36. Qf6+ Kg8 37. g4 h6 38. g5 h5 39. Rf1 Qe7 40. Re4
Rd7 41. Qxe7 Rxe7 42. Rf6 Rd7 43. Rb4 Ng4 44. Rf3 Re7 45. e4 b5 46. Rxb5 Rxe4
47. Rb6 Ne5 48. Rf1 Nc4 49. Rb8+ Kg7 50. Rf3 Re5 0-1

[Event "Chessable Masters Div 3 W"]
[Site "chess.com INT"]
[Date "2023.04.03"]
[Round "1.2"]
[White "Vallejo Pons, Francisco"]
[Black "Michalik, Peter"]
[Result "1/2-1/2"]
[WhiteTitle "GM"]
[BlackTitle "GM"]
[WhiteElo "2712"]
[BlackElo "2576"]
[WhiteFideId "2205530"]
[BlackFideId "14907526"]
[EventDate "2023.04.03"]
[EventType "k.o."]

1. e4 c5 2. c3 Nf6 3. e5 Nd5 4. d4 cxd4 5. Nf3 Nc6 6. cxd4 d6 7. Bc4 e6 8. O-O
Be7 9. Qe2 O-O 10. Rd1 Nb6 11. Bb3 Bd7 12. Nc3 Rc8 13. exd6 Bxd6 14. Bg5 Be7 15.
Bf4 Nb4 16. Re1 Bc6 17. Rad1 N4d5 18. Bd2 Bd6 19. Ng5 Bf4 20. Bxf4 Nxf4 21. Qg4
Nxg2 22. Rxe6 Nf4 23. Qxf4 fxe6 24. Bxe6+ Kh8 25. Qxf8+ Qxf8 26. Nf7+ Kg8 27.
Nh6+ Kh8 28. Nf7+ Kg8 29. Nh6+ Kh8 1/2-1/2

[Event "Chessable Masters Div 3 W"]
[Site "chess.com INT"]
[Date "2023.04.03"]
[Round "1.1"]
[White "Gukesh, D"]
[Black "Anton Guijarro, David"]
[Result "0-1"]
[WhiteTitle "GM"]
[BlackTitle "GM"]
[WhiteElo "2730"]
[BlackElo "2690"]
[WhiteFideId "46616543"]
[BlackFideId "2285525"]
[EventDate "2023.04.03"]
[EventType "k.o."]

1. e4 c6 2. d4 d5 3. e5 Bf5 4. Nf3 e6 5. Be2 c5 6. Be3 Qb6 7. Nc3 c4 8. Rb1 Bb4
9. O-O Qa5 10. Bd2 Nc6 11. a3 Bxc3 12. Bxc3 Qd8 13. b3 b5 14. a4 a6 15. bxc4
bxc4 16. Qd2 Nge7 17. Rb7 Rb8 18. Rfb1 Rxb7 19. Rxb7 Qa8 20. Rb1 O-O 21. Nh4 Rb8
22. Rf1 Be4 23. f3 Bg6 24. f4 Be4 25. g4 Ng6 26. Ng2 Qa7 27. Ne3 a5 28. h3 h6
29. Kh2 Qc7 30. Nd1 Nb4 31. Nf2 Bxc2 32. Bxb4 axb4 33. Qxc2 Nxf4 34. Bd1 b3 35.
Qc3 Qa7 36. Qe3 Ng6 37. g5 hxg5 38. Ng4 Qe7 39. a5 Ra8 40. Qd2 Qd8 41. Qf2 Nf4
42. Qg3 Qxa5 43. Rf2 Qe1 44. Bf3 Ra2 45. Bg2 Rxf2 46. Nxf2 Nd3 47. Nxd3 Qxg3+
48. Kxg3 cxd3 49. Bf1 d2 0-1

[Event "Chessable Masters Div 3 W"]
[Site "chess.com INT"]
[Date "2023.04.03"]
[Round "1.2"]
[White "Anton Guijarro, David"]
[Black "Gukesh, D"]
[Result "0-1"]
[WhiteTitle "GM"]
[BlackTitle "GM"]
[WhiteElo "2690"]
[BlackElo "2730"]
[WhiteFideId "2285525"]
[BlackFideId "46616543"]
[EventDate "2023.04.03"]
[EventType "k.o."]

1. e4 g6 2. d4 Bg7 3. Be3 d6 4. Qd2 a6 5. c4 Nc6 6. Nc3 e5 7. d5 Nce7 8. f3 f5
9. O-O-O Nf6 10. Kb1 O-O 11. h3 c5 12. dxc6 Nxc6 13. Nge2 Be6 14. Nc1 Qe8 15.
Nb3 Qf7 16. Bg5 Nd4 17. Nxd4 exd4 18. Nd5 Bxd5 19. exd5 b5 20. Rc1 Rfb8 21. Bh6
Bh8 22. Bf4 Rb6 23. Bd3 Nd7 24. Qa5 Rab8 25. cxb5 Be5 26. Bd2 Nc5 27. Rxc5 dxc5
28. Rc1 Bd6 29. a4 Kg7 30. Bc4 axb5 31. axb5 Qb7 32. Qa4 Ra8 33. Qb3 Qd7 34. Re1
Bf8 35. Bf4 h6 36. Re6 Rxe6 37. dxe6 Qa7 38. b6 Qa1+ 39. Kc2 Qg1 40. b7 Ra1 41.
Be2 Qe1 42. Qd3 c4 43. Qxc4 Qb1+ 44. Kb3 Ra3# 0-1

[Event "Chessable Masters Div 3 W"]
[Site "chess.com INT"]
[Date "2023.04.03"]
[Round "1.3"]
[White "Anton Guijarro, David"]
[Black "Gukesh, D"]
[Result "1-0"]
[WhiteTitle "GM"]
[BlackTitle "GM"]
[WhiteElo "2690"]
[BlackElo "2730"]
[WhiteFideId "2285525"]
[BlackFideId "46616543"]
[EventDate "2023.04.03"]
[EventType "k.o."]

1. e4 c5 2. Nf3 Nc6 3. Bb5 e6 4. Bxc6 bxc6 5. d3 Ne7 6. h4 d6 7. h5 e5 8. c3 Ng8
9. d4 Nf6 10. dxe5 Ng4 11. exd6 Bxd6 12. Na3 O-O 13. Nc4 Bc7 14. Qxd8 Rxd8 15.
Be3 Be6 16. Nfd2 Rab8 17. Ke2 Ne5 18. Nxe5 Bxe5 19. Rhb1 Rb7 20. Bxc5 Rdb8 21.
Bd4 Bxd4 22. cxd4 Rxb2 23. Rxb2 Rxb2 24. a3 Bg4+ 25. f3 Bxh5 26. Rc1 f5 27. exf5
Be8 28. Rc5 Kf7 29. Ra5 Rb7 30. Ke3 Ke7 31. Ne4 Bf7 32. Nc5 Rc7 33. Kf4 Bd5 34.
g4 Kf7 35. Ra4 h6 36. Rb4 g6 37. fxg6+ Kxg6 38. Rb7 Rc8 39. Nd7 c5 40. Rb5 Rc7
41. Ne5+ Kf6 42. Rxc5 Rxc5 43. dxc5 Ke6 44. c6 Kd6 45. Kf5 a5 46. f4 a4 47. Kg6 1-0

[Event "Chessable Masters Div 3 W"]
[Site "chess.com INT"]
[Date "2023.04.03"]
[Round "1.1"]
[White "Sarana, Alexey"]
[Black "Makarian, Rudik"]
[Result "1-0"]
[WhiteTitle "GM"]
[BlackTitle "IM"]
[WhiteElo "2685"]
[BlackElo "2547"]
[WhiteFideId "24133795"]
[BlackFideId "44105681"]
[EventDate "2023.04.03"]
[EventType "k.o."]

1. e4 c5 2. Nf3 e6 3. c3 d5 4. exd5 Qxd5 5. d4 Nf6 6. Na3 a6 7. Nc4 Nbd7 8. Be2
cxd4 9. Qxd4 Bc5 10. Qxd5 Nxd5 11. a4 b6 12. Nfe5 Nxe5 13. Nxe5 Bb7 14. Bf3 f6
15. Nd3 O-O-O 16. Nxc5 bxc5 17. O-O Kc7 18. Bxd5 Bxd5 19. b4 c4 20. Be3 Be4 21.
Rfe1 Bc2 22. f4 Kc6 23. b5+ axb5 24. axb5+ Kxb5 25. Ra7 Rhg8 26. Rb7+ Kc6 27.
Rb6+ Kd5 28. Rb5+ Ke4 29. Bc1+ Kd3 30. Re3# 1-0

[Event "Chessable Masters Div 3 W"]
[Site "chess.com INT"]
[Date "2023.04.03"]
[Round "2.1"]
[White "Tabatabaei, M. Amin"]
[Black "Paravyan, David"]
[Result "1-0"]
[WhiteTitle "GM"]
[BlackTitle "GM"]
[WhiteElo "2677"]
[BlackElo "2601"]
[WhiteFideId "12521213"]
[BlackFideId "4194985"]
[EventDate "2023.04.03"]
[EventType "k.o."]

1. d4 Nf6 2. c4 g6 3. Nc3 d5 4. Nf3 Bg7 5. Bg5 Ne4 6. Bf4 Nxc3 7. bxc3 c5 8. e3
O-O 9. cxd5 Qxd5 10. Be2 cxd4 11. cxd4 Qa5+ 12. Qd2 Qxd2+ 13. Kxd2 Nc6 14. Rhb1
b6 15. a4 Na5 16. Ra3 Be6 17. Rc3 Rac8 18. Ba6 Rxc3 19. Kxc3 Bc8 20. Bb5 Bb7 21.
Rc1 a6 22. Be2 Bc6 23. Kb4 Ra8 24. Bc7 Be8 25. Bxb6 Nc6+ 26. Ka3 Bf8 27. Bc5 Rb8
28. Bxa6 Na5 29. Bb5 Bxb5 30. axb5 Rxb5 31. Ka4 Nb3 32. Rc3 Nxd4 33. Bxd4 Rb2
34. e4 Rb8 35. Rb3 Rc8 36. Kb5 f6 37. Rc3 Rb8+ 38. Kc4 Rd8 39. Bc5 Kf7 40. Kb3
g5 41. Kc2 g4 42. Nd2 h5 43. Be3 e6 44. Rd3 Ra8 45. Kd1 Ra1+ 46. Ke2 Rh1 47. Nf1
h4 48. g3 h3 49. Rd7+ Kg6 50. Rc7 f5 51. Rc6 Kf7 52. Rc7+ Kg6 53. exf5+ exf5 54.
Bd4 Bh6 55. Rc6+ Kh7 56. Rf6 f4 57. gxf4 Rg1 58. f5 Bf4 59. Rf7+ Kh6 60. Be3 Kg5
61. Bxf4+ Kxf4 62. Rf8 Kg5 63. f6 Rh1 64. f7 Kf6 65. Rg8 1-0

[Event "Chessable Masters Div 3 W"]
[Site "chess.com INT"]
[Date "2023.04.03"]
[Round "2.2"]
[White "Paravyan, David"]
[Black "Tabatabaei, M. Amin"]
[Result "0-1"]
[WhiteTitle "GM"]
[BlackTitle "GM"]
[WhiteElo "2601"]
[BlackElo "2677"]
[WhiteFideId "4194985"]
[BlackFideId "12521213"]
[EventDate "2023.04.03"]
[EventType "k.o."]

1. e4 e5 2. Nf3 Nc6 3. Bb5 Nf6 4. O-O Nxe4 5. Re1 Nd6 6. Nxe5 Be7 7. Bf1 Nxe5 8.
Rxe5 O-O 9. d4 Bf6 10. Re1 Re8 11. c3 Rxe1 12. Qxe1 Ne8 13. Bf4 d5 14. Nd2 Bf5
15. Qe2 c6 16. Re1 Nd6 17. h3 h6 18. Be5 Bg6 19. Qg4 Qe7 20. Nf3 Ne4 21. Bxf6
Qxf6 22. Qd7 Rb8 23. Qc7 Qd8 24. Qf4 Rc8 25. Ne5 Qf6 26. Qxf6 Nxf6 27. Nxg6 fxg6
28. Re7 Rb8 29. Bd3 Kf8 30. Re5 Kf7 31. h4 Rd8 32. f3 Rd6 33. Kf2 Nd7 34. Re1
Nf8 35. f4 Rf6 36. Kf3 g5 37. hxg5 hxg5 38. f5 Rh6 39. b4 a6 40. a4 Nh7 41. b5
cxb5 42. axb5 a5 43. c4 dxc4 44. Bxc4+ Kf8 45. Be6 Rh4 46. g4 Nf6 47. Rc1 Rxg4
48. d5 Rf4+ 49. Ke3 Ke7 50. Rc7+ Kd6 51. Rxb7 Nxd5+ 52. Kd2 Nc7 53. Bc8 Rb4 54.
b6 Nd5 55. Rd7+ Ke5 56. b7 a4 57. Rd8 a3 58. Be6 Rxb7 59. Rxd5+ Kf6 60. Rd6 Ra7
61. Rb6 g4 62. Ke3 Kg5 63. Ba2 Kxf5 64. Rb5+ Kf6 65. Kf4 Ra4+ 66. Kg3 Kg6 67.
Rc5 Kf6 68. Rc6+ Ke5 69. Rc7 Kf6 70. Rf7+ Kg6 71. Re7 Kf6 72. Re2 Kg5 73. Re5+
Kf6 74. Re1 Kg5 75. Ra1 Re4 76. Kf2 Rf4+ 77. Kg2 Rf3 78. Rb1 Rc3 79. Rb5+ Kh4
80. Bb3 a2 81. Bf7 Rc2+ 0-1

[Event "Chessable Masters Div 3 W"]
[Site "chess.com INT"]
[Date "2023.04.03"]
[Round "2.1"]
[White "Fier, Alexandr"]
[Black "Mamedyarov, Shakhriyar"]
[Result "0-1"]
[WhiteTitle "GM"]
[BlackTitle "GM"]
[WhiteElo "2599"]
[BlackElo "2738"]
[WhiteFideId "2107139"]
[BlackFideId "13401319"]
[EventDate "2023.04.03"]
[EventType "k.o."]

1. e4 e5 2. Nf3 Nc6 3. Bc4 Bc5 4. c3 Nf6 5. d4 exd4 6. b4 Bb6 7. e5 d5 8. exf6
dxc4 9. Qe2+ Be6 10. b5 Nb4 11. cxb4 Qxf6 12. O-O O-O 13. a4 a5 14. bxa5 Rxa5
15. Bg5 Qf5 16. Bd2 Raa8 17. Bb4 Rfe8 18. a5 Qxb5 19. Qd2 c5 20. Bc3 Bd8 21.
Bxd4 cxd4 22. Nxd4 Qd7 23. Nxe6 Qxe6 24. Qb4 Qa6 25. Nd2 c3 26. Nb3 Be7 27. Qa4
b5 28. Qg4 b4 29. Rfe1 Bf8 30. h3 g6 31. Rxe8 Rxe8 32. Qd7 Re6 33. Rd1 Qc4 34.
Qa4 c2 0-1

[Event "Chessable Masters Div 3 W"]
[Site "chess.com INT"]
[Date "2023.04.03"]
[Round "2.2"]
[White "Mamedyarov, Shakhriyar"]
[Black "Fier, Alexandr"]
[Result "1-0"]
[WhiteTitle "GM"]
[BlackTitle "GM"]
[WhiteElo "2738"]
[BlackElo "2599"]
[WhiteFideId "13401319"]
[BlackFideId "2107139"]
[EventDate "2023.04.03"]
[EventType "k.o."]

1. d4 d5 2. c4 e6 3. Nf3 c6 4. cxd5 exd5 5. Nc3 Bf5 6. Bf4 Bd6 7. Bxd6 Qxd6 8.
e3 Nd7 9. Bd3 Ne7 10. O-O O-O 11. Re1 Nb6 12. h3 Rae8 13. a4 a5 14. Bxf5 Nxf5
15. Qd3 Ne7 16. Rab1 Qb4 17. b3 Ng6 18. Qd2 Nc8 19. Na2 Qb6 20. b4 axb4 21. Nxb4
Qa7 22. Nd3 Nd6 23. Qb4 Rd8 24. Nc5 b5 25. axb5 cxb5 26. Rec1 Qe7 27. Nd3 Rc8
28. Rc5 Qe6 29. Nfe5 Nxe5 30. dxe5 Nc4 31. Nf4 Qxe5 32. Rxd5 Qe4 33. Rxb5 Rfd8
34. Rc1 h6 35. Rc5 Rxc5 36. Qxc5 Ne5 37. Qc7 Rd2 38. Qb8+ Kh7 39. Qb1 Qxb1 40.
Rxb1 g5 41. Rb5 Nc4 42. Nh5 Rd1+ 43. Kh2 Nd2 44. Ng3 Kg6 45. Rb4 h5 46. h4 f6
47. hxg5 fxg5 48. Rb6+ Kf7 49. Nxh5 g4 50. Ng3 1-0

[Event "Chessable Masters Div 3 W"]
[Site "chess.com INT"]
[Date "2023.04.03"]
[Round "2.1"]
[White "Pantsulaia, Levan"]
[Black "Kamsky, Gata"]
[Result "1/2-1/2"]
[WhiteTitle "GM"]
[BlackTitle "GM"]
[WhiteElo "2597"]
[BlackElo "2665"]
[WhiteFideId "13602071"]
[BlackFideId "2000024"]
[EventDate "2023.04.03"]
[EventType "k.o."]

1. Nf3 Nf6 2. g3 g6 3. b3 Bg7 4. Bb2 d5 5. c4 c6 6. Bg2 O-O 7. d3 a5 8. Nbd2 Bg4
9. O-O Bxf3 10. Nxf3 e6 11. Qc2 Nbd7 12. Rac1 Qb6 13. a3 Rfd8 14. Bd4 Qa6 15.
Rfe1 Re8 16. cxd5 cxd5 17. Qb2 Rac8 18. Ne5 Bf8 19. Nxd7 Nxd7 20. a4 1/2-1/2

[Event "Chessable Masters Div 3 W"]
[Site "chess.com INT"]
[Date "2023.04.03"]
[Round "2.2"]
[White "Kamsky, Gata"]
[Black "Pantsulaia, Levan"]
[Result "1/2-1/2"]
[WhiteTitle "GM"]
[BlackTitle "GM"]
[WhiteElo "2665"]
[BlackElo "2597"]
[WhiteFideId "2000024"]
[BlackFideId "13602071"]
[EventDate "2023.04.03"]
[EventType "k.o."]

1. d4 c5 2. c3 cxd4 3. cxd4 d5 4. Nc3 Nf6 5. Bf4 Nc6 6. e3 a6 7. Bd3 Bg4 8. Nge2
Bxe2 9. Qxe2 e6 10. Rc1 h6 11. O-O Bd6 12. Bxd6 Qxd6 13. Na4 Nd7 14. a3 O-O 15.
Nc5 Nxc5 16. dxc5 Qe7 17. b4 a5 18. b5 Ne5 19. f4 Nd7 20. c6 bxc6 21. bxc6 Nc5
22. Qc2 Nxd3 23. Qxd3 Rfc8 24. Rc3 Qa7 25. f5 Qa6 26. Qc2 Rc7 27. fxe6 fxe6 28.
Qg6 Qc8 29. e4 Qe8 30. Qxe8+ Rxe8 31. exd5 exd5 32. Rd1 Re6 33. Rxd5 Rexc6 34.
Rxc6 Rxc6 35. Rxa5 Rc2 36. Rf5 Ra2 37. Rf3 Kh7 38. h4 h5 39. Kh2 g5 40. hxg5 Kg6
41. Rg3 Ra1 42. Rb3 Kxg5 43. Kg3 h4+ 44. Kf3 Rf1+ 45. Ke2 Ra1 46. Kf2 Kf5 47.
Rb5+ Kg4 48. Rb4+ Kg5 49. Ra4 Kf5 50. Ra8 Kf4 51. Ra4+ Kf5 52. Ke3 Kg5 53. Ra8
Kf5 54. a4 Ra3+ 55. Kf2 Ra2+ 56. Kg1 Kg4 57. Kh2 h3 58. Rg8+ Kh5 59. Kxh3 Ra3+
60. g3 Rxa4 61. g4+ Kh6 62. Kh4 Kh7 63. Rd8 Ra5 64. g5 Ra1 65. Rd7+ Kg6 66. Rd6+
Kg7 67. Rd7+ Kg6 68. Rd6+ Kg7 69. Rd7+ Kg6 1/2-1/2